000
00345nam a2200157Ia 4500
100
_a
Shephered/George/ Wingo/ Scot
650
_a
Automobiles
942
_c
BK
654
_a
MFC Internals
245
_a
MFC Internals
260
_b
Addison Wesley Pub
_a
NONE
_c
1996
082
_a
5.262
_b
SHE
300
_a
709
546
_a
ENGLISH
999
_c
35725
_d
35725